| 000 | 00954cam a22002055a 4500 | ||
|---|---|---|---|
| 001 | L141170 | ||
| 008 | 071031s1874 xxk eng u | ||
| 035 | _a(Sirsi) u141170 | ||
| 041 | 0 | _aeng | |
| 100 | 1 | _aLaurence, Frederick T. | |
| 245 | 0 | 4 |
_aThe Grange, Bermondsey... _bparticulars and conditions of sale of the valuable lease (with possession) of the tan-yard...135 tan and lime pits...8 roomed dwelling house...plant, machinery and tanning utensils...stock-in-trade of leather...will be offered for sale by auction by Mr Fredk. T. Laurence upon the premises as above on Wednesday November 4th 1874... |
| 260 |
_aS.l. _bs.n. _c[1874] |
||
| 300 |
_a9 p. _c41 cm., folded to 27 x 11 cm. |
||
| 340 | _aPrinted | ||
| 351 | _cSingle item | ||
| 500 | _aItem has been posted to Mess. Glasier & Sons at 41 Charing Cross. | ||
| 651 | 4 | _aLondon | |
| 690 | _aPROPERTY-PROPERTY ACQUISITION AND DISPOSAL-ACQUISITION AND DISPOSAL AT AUCTION | ||
| 942 | _n0 | ||
| 999 |
_c116641 _d116641 |
||